| 000 | 00482nam a2200193 a 4500 | ||
|---|---|---|---|
| 001 | 10964 | ||
| 003 | CO-ViMGA | ||
| 008 | 141112s2004 ck r 000 u spa d | ||
| 020 | _a8432039829 | ||
| 040 |
_aCO-ViMGA _bspa _cCO-ViMGA |
||
| 082 | 0 | 4 | _a851.32 O75b |
| 100 | 1 |
_aFurioso Orlando, _915078 |
|
| 245 | 1 | 0 | _aLudovico Ariosto |
| 250 | _a1 | ||
| 260 |
_aBarcelona, _cEditorial Planeta S.A., _c1988 |
||
| 300 | _a863 p. | ||
| 650 | 1 | 4 |
_aPOESIA ITALIANA _951118 |
| 942 |
_2ddc _cBK |
||
| 999 |
_c22183 _d22183 |
||